Central Library OPAC University of Rajshahi
Normal view MARC view

Entry Topical Term

Number of records used in: 3

001 - CONTROL NUMBER

  • control field: 5664

003 - CONTROL NUMBER IDENTIFIER

  • control field: BD-RjUL

005 - DATE AND TIME OF LATEST TRANSACTION

  • control field: 20221102110304.0

008 - FIXED-LENGTH DATA ELEMENTS

  • fixed length control field: 221102|| aca||aabn | a|a d

040 ## - CATALOGING SOURCE

  • Original cataloging agency: BD-RjUL
  • Transcribing agency: BD-RjUL

150 ## - HEADING--TOPICAL TERM

  • Topical term or geographic name entry element: মুক্তি আন্দোলন
  • General subdivision: পাকিস্তান এবং বাংলাদেশ

670 ## - SOURCE DATA FOUND

  • Source citation: Work cat.: (BD-RjUL)80690: হোসেন, মো: কামরুল 5663, ঢাকা কেন্দ্রিক বুদ্ধির মুক্তি আন্দোলন :, ১৯৯৯